Statistics for Top 20 NBA wing players 2023-2024

Click here to take the quiz!

General Stats

  • This quiz has been taken 56 times
  • The average score is 18 of 20

Answer Stats

HintAnswer% Correct
CelticsJayson Tatum
100%
HeatJimmy Butler
100%
LakersLeBron James
100%
ClippersPaul George
100%
ClippersKawhi Leonard
98%
SunsKevin Durant
98%
PelicansBrandon Ingram
96%
CelticsJaylen Brown
96%
NetsMikal Bridges
96%
BullsDeMar DeRozan
94%
JazzLauri Markkanen
94%
MagicPaolo Banchero
94%
WarriorsAndrew Wiggins
86%
BucksKhris Middleton
86%
NuggetsMichael Porter Jr.
84%
MagicFranz Wagner
82%
RaptorsScottie Barnes
80%
KnicksO.G. Anunoby
70%
TrailblazersJerami Grant
60%
NetsCameron Johnson
50%

Score Distribution

Percentile by Number Answered

Percent of People with Each Score

Your Score History

You have not taken this quiz